Crónica del primer ensayo de movilización general de la Cruz Roja Española verificado en Tudela de Navarra el 20 de noviembre de 1898. (Record no. 169696)

MARC details
000 -LEADER
campo de control de longitud fija 00507nam a22001455i 4500
001 - NÚMERO DE CONTROL
campo de control 169696
003 - IDENTIFICADOR DE NÚMERO DE CONTROL
campo de control ES-MaACL
005 - FECHA Y HORA DE LA ÚLTIMA TRANSACCIÓN
campo de control 20230906214152.0
008 - DATOS DE LONGITUD FIJA--INFORMACIÓN GENERAL
campo de control de longitud fija 081106s1899 sp |||| | spa d
245 00 - MENCIÓN DEL TÍTULO
Título Crónica del primer ensayo de movilización general de la Cruz Roja Española verificado en Tudela de Navarra el 20 de noviembre de 1898.
260 ## - PUBLICACIÓN, DISTRIBUCIÓN, ETC.
Lugar de publicación, distribución, etc. Madrid :
Nombre del editor, distribuidor, etc. [s.n.],
Fecha de publicación, distribución, etc. 1899 (
Fabricante Romero)
300 ## - DESCRIPCIÓN FÍSICA
Extensión 96 p. :
Otras características físicas il. ;
Dimensiones 26 cm.
610 2# - PUNTO DE ACCESO ADICIONAL DE MATERIA--NOMBRE DE ENTIDAD CORPORATIVA
Nombre de entidad corporativa o nombre de jurisdicción como elemento de entrada Cruz Roja Española.
9 (RLIN) 3322
852 ## - LOCALIZACIÓN
Ubicación ES-MaACL
Número de control de estantería T-845-F-13
Holdings
Estatus retirado Estado de pérdida Estado de daño No para préstamo Colección Biblioteca de origen Biblioteca actual Ubicación en estantería Fecha de adquisición Fuente de adquisición Total de préstamos Signatura topográfica completa Código de barras Visto por última vez Precio de reemplazo Tipo de ítem Koha
        Colección de folletos Biblioteca del Ateneo de Madrid Biblioteca del Ateneo de Madrid Depósito folletos 06/11/2008     T-845-F-13 1178154 23/02/2023 23/02/2023 Folleto